Kunsilli Lokali ta 'Malta - Statistics

General Stats
  • This quiz has been taken 5 times
    4 since last reset
  • The average score is 39 of 68
Answers on the Map
Answers color-coded by a green-red scale on the quiz's map according to % correct below.
 
Answer Stats
Popolazzjoni Kunsill Lokali % Correct
5,827 Il-Belt Valletta
100%
24,356 Birkirkara
75%
12,915 Birżebbuġa
75%
3,202 Ħal Lija
75%
16,801 Ħal Qormi
75%
8,627 Ħal Tarxien
75%
12,239 Ħaż-Żebbuġ
75%
12,449 Il-Fgura
75%
5,454 Il-Marsa
75%
20,988 Il-Mosta
75%
11,470 Ir-Rabat
75%
6,901 Ir-Rabat
75%
922 It-Triq tal-Għajn
75%
2,956 Iż-Żebbuġ
75%
11,386 Iż-Żejtun
75%
243 L-Imdina
75%
2,720 L-Isla
75%
3,660 Marsaxlokk
75%
3,842 Pembroke
75%
13,792 San Ġiljan
75%
14,720 San Ġwann
75%
29,097 San Pawl il-Baħar
75%
2,954 Santa Luċija
75%
7,590 Santa Venera
75%
22,591 Tas-Sliema
75%
2,012 Ta' Xbiex
75%
14,592 Wied il-Għajn
75%
5,170 Bormla
50%
2,931 Għajnsielem
50%
3,711 Ħad-Dingli
50%
4,860 Ħal Għaxaq
50%
6,162 Ħal Luqa
50%
2,280 Ħal Safi
50%
11,377 Ħ'Attard
50%
15,431 Ħaż-Żabbar
50%
2,489 Il-Birgu
50%
2,032 Il-Furjana
50%
3,184 Il-Gudja
50%
11,669 Il-Gżira
50%
9,743 Il-Ħamrun
50%
3,059 Il-Kalkara
50%
11,389 Il-Mellieħa
50%
1,454 Il-Munxar
50%
2,800 Il-Qrendi
50%
4,509 In-Nadur
50%
14,891 In-Naxxar
50%
8,721 Is-Siġġiewi
50%
14,452 Is-Swieqi
50%
4,886 Ix-Xagħra
50%
1,830 Ix-Xgħajra
50%
10,962 Iż-Żurrieq
50%
1,298 L-Għarb
50%
3,802 L-Imġarr
50%
3,339 L-Imqabba
50%
13,713 L-Imsida
50%
2,615 L-Imtarfa
50%
8,706 Raħal Ġdid
50%
748 San Lawrenz
50%
4,892 Tal-Pietà
50%
2,117 Ta' Sannat
50%
4,689 Ħal Balzan
25%
2,857 Ħal Għargħur
25%
2,397 Ħal Kirkop
25%
2,284 Il-Qala
25%
3,300 Ix-Xewkija
25%
424 L-Għasri
25%
3,422 L-Iklin
25%
1,938 Ta' Kerċem
25%
No matching quizzes found
Score Distribution
Percent of People with Each Score
Percentile by Number Answered
Your Score History
You have not taken this quiz since the last reset